| 000 | 00870cab a2200277 4500 | ||
|---|---|---|---|
| 001 | ABS55009 | ||
| 008 | 090401t1996 xxu||||| |||| 00| 0 eng d | ||
| 035 | _a(Sirsi) u13577 | ||
| 041 | _aeng | ||
| 100 | _aBevan, S. | ||
| 245 | _aAssignment conditions: a Z-score approach | ||
| 260 | _c1996 | ||
| 350 | _a0 | ||
| 490 |
_aEstates Gazette _v(9616) 20 April 1996, 106-107(2) |
||
| 520 | _aConsiders how Z-scores, a method of measuring the financial health of a company, can be applied to lease assignments to protect the landlord from tenants who are likely to become insolvent. | ||
| 650 | _aALIENATION CLAUSES | ||
| 650 | _aASSIGNMENT | ||
| 650 | _aFINANCIAL RATIOS | ||
| 650 | _aLEASES | ||
| 650 | _aSOLVENCY | ||
| 650 | _aZ-SCORES | ||
| 690 | _aLANDLORD AND TENANT-BUSINESS TENANCIES | ||
| 700 | _aWilliams, D. | ||
| 942 | _n0 | ||
| 948 | _c04/03/1997 | ||
| 999 |
_c8746 _d8746 |
||